000 00676nam a2200181Ia 4500
008 100921s9999 xx 000 0 und d
082 _b35255
_a891.463 न 02
100 _aजावडेकर सुबोध.
245 _aवामनाचे चौथे पाऊल.
260 _bमेहता प्रकाशन, पुणे.
_c2002
300 _a204
_bमयुरेष बुक एजन्सी,कराड
365 _b150
520 _aललित-कथा.
630 _aवामनाचे चौथे पाऊल.
650 _aललित-कथा.
730 _aवामनाचे चौथे पाऊल.
942 _cBOOK
999 _c784368
_d784365